| 000 | 00706nam a2200217 i 4500 | ||
|---|---|---|---|
| 001 | 149369 | ||
| 003 | ES-MaACL | ||
| 005 | 20250905161929.0 | ||
| 007 | t| | ||
| 008 | 071022m19721974sp ||||1| spa d | ||
| 100 | 1 |
_aVara Thorbeck, Rafael. _9113114 |
|
| 245 | 1 | 0 |
_aPatología y clínica quirúrgica / _cRafael Vara Thorbeck ; prólogo de R. Vara López. |
| 250 | _a[1ª ed.]. | ||
| 260 |
_aMadrid : _bMarbán, _c1972-1974. |
||
| 300 |
_a2 v. : _bil. ; _c28 cm. |
||
| 505 | 8 | _aContiene:1. Tórax 2. Urología. Proctología | |
| 650 | 4 |
_aPatología quirúrgica. _9136666 |
|
| 700 | 1 |
_aVara López, Rafael, _d1904-1982 _9113112 |
|
| 852 |
_aES-MaACL _jE-9676-77 _bR.94309 |
||
| 999 |
_c149369 _d149369 |
||